[Event "Hamburger SK von 1830-SV "GlÃ¼ck auf" RÃ¼dersdorf"]
[Site "Binz"]
[Date "2024.09.08"]
[Round "4.3"]
[White "NÃ¼tzel, Marie"]
[Black "Hitz, Junah"]
[Result "0-1"]
[WhiteElo "715"]
[BlackElo "600"]
[Time "14:30:00"]
[Board "3"]
[WhiteTeam "SV "]
[BlackTeam "Hamburger SK von 1830"]
[Annotator "Rnd./Pair./Board: 04.007.03"]

1.e4 e5 2.Nf3 Nc6 3.Bb5 Bc5 4.Nc3 Nf6 5.Nxe5 Nxe5 6.d4 Bb4 7.dxe5 Nxe4 8.
Qd4 Bxc3+ 9.bxc3 Ng5 10.Bxg5 Qxg5 11.Rd1 O-O 12.O-O d6 13.Bd3 Bh3 14.Be4 
Rae8 15.Kh1 dxe5 16.Qd7 Bxd7 17.Rxd7 Re6 18.Rxc7 Rh6 19.h3 Qf4 20.Bxb7 Rb8
21.Bc6 e4 22.Rd1 Qxc7 23.Bxe4 g6 24.Bd5 Rh5 25.Bf3 Re5 26.c4 Ra5 27.Ra1 
Rxa2 28.Rc1 Rab2 29.g3 Qe5 30.h4 Rb1 31.Rxb1 Rxb1+ 32.Kh2 Qe1 33.Kh3 Qf1+ 
34.Kg4 f5+ 35.Kg5 Kg7 36.c5 h6+ 37.Kf4 Qc4+ 38.Be4 Qxe4# 0-1

[Event "SAV Torgelow-DrÃ¶geheide 90-TSG OberschÃ¶neweide"]
[Site "Binz"]
[Date "2024.09.08"]
[Round "5.1"]
[White "Bayer, Klara"]
[Black "Briese, Sophie"]
[Result "0-1"]
[WhiteElo "1467"]
[BlackElo "1356"]
[Time "08:00:00"]
[Board "1"]
[WhiteTeam "TSG OberschÃ¶neweide"]
[BlackTeam "SAV Torgelow-DrÃ¶geheide 90"]
[Annotator "Rnd./Pair./Board: 05.001.01"]

1.d4 d5 2.Nf3 c5 3.e3 e6 4.Bd3 Nc6 5.c3 Nf6 6.O-O Be7 7.Nbd2 O-O 8.Qe2 b6 
9.dxc5 bxc5 10.e4 Re8 11.a3 c4 12.Bc2 Bb7 13.e5 Nd7 14.Re1 Bc5 15.Nf1 Qb6 
16.Ng3 Ndxe5 17.Nxe5 Nxe5 18.Rf1 Ng6 19.Ba4 Bc6 20.Bc2 Qb7 21.Bxg6 hxg6 
22.Qd2 Rad8 23.Kh1 d4 24.f3 d3 25.Qf4 Bb6 26.Bd2 Bd5 27.Rab1 Bc7 28.Qe3 
Qb8 29.Qf2 f6 0-1

[Event "SAV Torgelow-DrÃ¶geheide 90-TSG OberschÃ¶neweide"]
[Site "Binz"]
[Date "2024.09.08"]
[Round "5.2"]
[White "Subocz, Barbara"]
[Black "Ruddat, Maila"]
[Result "1-0"]
[WhiteElo "1230"]
[BlackElo "1125"]
[Time "08:00:00"]
[Board "2"]
[WhiteTeam "SAV Torgelow-DrÃ¶geheide 90"]
[BlackTeam "TSG OberschÃ¶neweide"]
[Annotator "Rnd./Pair./Board: 05.001.02"]

1.e4 e5 2.Nf3 Nc6 3.d4 exd4 4.Nxd4 Bc5 5.Be3 Qf6 6.Nxc6 Qxc6 7.Nc3 Bxe3 8.
fxe3 Nf6 9.Qf3 d6 10.Bb5 Qxb5 11.Nxb5 O-O 12.O-O c6 13.Nxd6 Bg4 14.Qg3 Be6
15.Rxf6 g6 16.Raf1 b6 17.h4 Rad8 18.h5 Rd7 19.h6 a6 20.R6f2 b5 21.Qf4 c5 
22.Qf6 Rxd6 23.Qg7# 1-0

[Event "SAV Torgelow-DrÃ¶geheide 90-TSG OberschÃ¶neweide"]
[Site "Binz"]
[Date "2024.09.08"]
[Round "5.3"]
[White "Ulianova, Anna"]
[Black "Subocz, Emma"]
[Result "0-1"]
[WhiteElo "1092"]
[BlackElo "1059"]
[Time "08:00:00"]
[Board "3"]
[WhiteTeam "TSG OberschÃ¶neweide"]
[BlackTeam "SAV Torgelow-DrÃ¶geheide 90"]
[Annotator "Rnd./Pair./Board: 05.001.03"]

1.e4 c5 2.d3 d6 3.f4 Nc6 4.c3 Nf6 5.h3 g6 6.Nf3 Bg7 7.Be2 O-O 8.O-O b6 9.
Nh2 Bb7 10.f5 Qd7 11.Ng4 Rfe8 12.Nh6+ Kf8 13.fxg6 hxg6 14.Bg4 Qc7 15.Bg5 
Bxh6 16.Bxh6+ Kg8 17.Qd2 Ne5 18.Qg5 Kh7 19.Rf5 Nxd3 20.h4 Bxe4 21.Rf1 Ne5 
22.Bf5 Qc6 23.h5 Bxf5 24.Rxf5 Qe4 25.Rf4 Qe3+ 26.Kh1 Neg4 27.hxg6+ fxg6 
28.Na3 Nxh6 29.Raf1 Nhg4 30.Rxg4 Nxg4 31.Qxg4 Rh8 32.Rf3 Qe1+ 33.Kh2 Qe2 
34.Kg3 Qe1+ 35.Rf2 Raf8 0-1

[Event "SAV Torgelow-DrÃ¶geheide 90-TSG OberschÃ¶neweide"]
[Site "Binz"]
[Date "2024.09.08"]
[Round "5.4"]
[White "Zietz, Leni"]
[Black "Rabus, Luise"]
[Result "1-0"]
[WhiteElo "969"]
[BlackElo "997"]
[Time "08:00:00"]
[Board "4"]
[WhiteTeam "SAV Torgelow-DrÃ¶geheide 90"]
[BlackTeam "TSG OberschÃ¶neweide"]
[Annotator "Rnd./Pair./Board: 05.001.04"]

1.d4 Nf6 2.Nf3 g6 3.Bf4 Bg7 4.Nbd2 d6 5.e4 Nh5 6.Be3 e5 7.Bc4 O-O 8.O-O 
Nf6 9.h3 Nxe4 10.Nxe4 d5 11.Bxd5 Qxd5 12.Qd3 Bf5 13.Nfd2 Re8 14.c4 Qc6 15.
d5 Qd7 16.Qe2 Qa4 17.b3 Qb4 18.a3 Qe7 19.Bg5 Qd7 20.Bh6 Qe7 21.Bxg7 Kxg7 
22.Rfe1 Nd7 23.Nf3 Bxe4 24.Qxe4 Nf6 25.Qxe5 Qd8 26.Qd4 Re7 27.Rxe7 Qxe7 
28.Re1 Qd7 29.Re4 Re8 30.Rf4 Qd6 31.c5 Qa6 32.a4 g5 33.Rf5 Kg6 34.Rxg5+ 
Kh6 35.Qh4+ Nh5 36.Qxh5# 1-0

[Event "SC Caissa Falkensee-Schachzwerge Magdeburg"]
[Site "Binz"]
[Date "2024.09.08"]
[Round "5.1"]
[White "NÃ¶nnig, Lotte"]
[Black "Alnajjar, Sara"]
[Result "1-0"]
[WhiteElo "1494"]
[BlackElo "1065"]
[Time "08:00:00"]
[Board "1"]
[WhiteTeam "Schachzwerge Magdeburg"]
[BlackTeam "SC Caissa Falkensee"]
[Annotator "Rnd./Pair./Board: 05.002.01"]

1.e4 e5 2.Nf3 Nc6 3.Bc4 Bc5 4.c3 Nf6 5.d3 d6 6.Nbd2 Be6 7.Bb3 O-O 8.O-O 
Ng4 9.Qe2 Bxb3 10.axb3 f5 11.h3 Nh6 12.d4 Bb6 13.dxe5 dxe5 14.Nc4 Re8 15.
Bxh6 gxh6 16.exf5 Qf6 17.Qe4 Re7 18.Nxb6 cxb6 19.Ra4 Rf7 20.Re1 Re8 21.Nh4
b5 22.Raa1 Rfe7 23.Re3 b6 24.Qd5+ Kh8 25.Qxb5 Na5 26.Qb4 Nxb3 27.Qxb3 Qxh4
28.Rd1 Qg5 29.Qc2 e4 30.Rd5 Re5 31.Rxe5 Rxe5 32.Rxe4 Qxf5 33.f3 Rxe4 34.
Qxe4 Qxe4 35.fxe4 Kg7 36.Kf2 Kf6 37.Kf3 Ke5 38.g4 a5 39.Ke3 b5 40.Kf3 a4 
41.Ke3 Ke6 42.Kd4 Kd6 43.e5+ Ke6 44.Ke4 Kd7 45.Kd5 Ke7 46.e6 Ke8 47.Kd6 
Kd8 48.e7+ Ke8 49.h4 h5 50.g5 b4 51.cxb4 a3 52.bxa3 h6 53.gxh6 Kf7 54.Kd7 
Kf6 55.e8=Q Kf5 56.Qe6+ Kf4 57.h7 Kg3 58.h8=R Kxh4 59.Qg8 Kh3 60.Rxh5# 1-0

[Event "SC Caissa Falkensee-Schachzwerge Magdeburg"]
[Site "Binz"]
[Date "2024.09.08"]
[Round "5.2"]
[White "Bathmann, Sanaa Maria"]
[Black "Litvinchuk, Mariia"]
[Result "1-0"]
[WhiteElo "802"]
[BlackElo "957"]
[Time "08:00:00"]
[Board "2"]
[WhiteTeam "SC Caissa Falkensee"]
[BlackTeam "Schachzwerge Magdeburg"]
[Annotator "Rnd./Pair./Board: 05.002.02"]

1.e4 e5 2.Nf3 Nc6 3.Nc3 Nf6 4.a3 d6 5.Bb5 Bd7 6.d3 Be7 7.Nd5 h6 8.Nxe7 
Qxe7 9.O-O Bg4 10.Bxc6+ bxc6 11.Bd2 Nh5 12.h3 Be6 13.Be3 Nf4 14.Bxf4 exf4 
15.Nd4 Bd7 16.Nf5 Bxf5 17.exf5 O-O 18.Qg4 Qg5 19.Qxg5 hxg5 20.f3 Rab8 21.
b4 Rfe8 22.Kf2 Re5 23.Rh1 Rbe8 24.Rae1 Rxe1 25.Rxe1 Rxe1 26.Kxe1 Kf8 27.
Kd2 Ke7 28.Kc3 Kf6 29.Kb3 Kxf5 30.Ka4 Ke5 31.Ka5 c5 32.bxc5 dxc5 33.Ka6 g4
34.hxg4 g5 35.Kxa7 Kd4 36.a4 c4 37.dxc4 Kxc4 38.a5 Kb5 39.a6 c5 40.Kb7 Kc4
41.a7 Kc3 42.a8=Q Kxc2 43.Qc8 Kd2 44.Qxc5 Ke1 45.Qg1+ Ke2 46.Kc7 f6 47.Kd6
f5 48.gxf5 g4 49.fxg4 f3 50.gxf3 Kxf3 51.f6 Ke2 52.Qg3 Kd2 53.Qf3 Kc2 54.
Qe3 Kb2 55.Qd3 Kc1 56.Qe2 Kb1 57.Kd5 Kc1 58.Kd4 Kb1 59.Kc3 Ka1 60.Qb2# 1-0

[Event "SC Caissa Falkensee-Schachzwerge Magdeburg"]
[Site "Binz"]
[Date "2024.09.08"]
[Round "5.3"]
[White "Lahne, Frida"]
[Black "Dittrich, Aurelia"]
[Result "0-1"]
[WhiteElo "865"]
[BlackElo "600"]
[Time "08:00:00"]
[Board "3"]
[WhiteTeam "Schachzwerge Magdeburg"]
[BlackTeam "SC Caissa Falkensee"]
[Annotator "Rnd./Pair./Board: 05.002.03"]

1.e4 e5 2.Nf3 Nc6 3.Bc4 Nf6 4.d3 Bc5 5.Nc3 d6 6.h3 h6 7.Be3 Bb4 8.O-O O-O 
9.a3 Ba5 10.b4 Bb6 11.Bxb6 axb6 12.Nh4 Nd7 13.Qg4 Nc5 14.Nf5 Bxf5 15.Qxf5 
Nd4 16.Qg6 Nce6 17.Qg4 Nxc2 18.Rac1 Ncd4 19.Nb5 Nxb5 20.Bxb5 Nd4 21.Bc4 
Rxa3 22.f4 Qe7 23.fxe5 dxe5 24.Qh4 Qxh4 25.Rf2 Rfa8 26.Rcf1 Kh7 27.Rxf7 
Ra1 28.Bb3 Rxf1+ 29.Rxf1 Nxb3 30.b5 Ra1 31.d4 Rxf1+ 32.Kxf1 exd4 33.e5 
Qf4+ 34.Ke1 Qxe5+ 35.Kd1 Qe4 36.g4 Qg2 37.Ke1 d3 38.Kd1 Qd2# 0-1

[Event "SC Caissa Falkensee-Schachzwerge Magdeburg"]
[Site "Binz"]
[Date "2024.09.08"]
[Round "5.4"]
[White "Schellknecht, Johanna Leni"]
[Black "Kessler, Lisbeth Erna"]
[Result "0-1"]
[WhiteElo "600"]
[BlackElo "753"]
[Time "08:00:00"]
[Board "4"]
[WhiteTeam "SC Caissa Falkensee"]
[BlackTeam "Schachzwerge Magdeburg"]
[Annotator "Rnd./Pair./Board: 05.002.04"]

1.e4 e5 2.Nf3 Nc6 3.Nc3 Nf6 4.a3 d6 5.Be2 Be7 6.O-O O-O 7.Bb5 Bd7 8.d3 Nd4
9.Be3 Nxb5 10.Nxb5 Bxb5 11.c4 Bd7 12.b4 a6 13.Qc2 b6 14.Rab1 c6 15.Ng5 Ng4
16.h3 Nxe3 17.fxe3 Bxg5 18.Qe2 Re8 19.Rf3 Be6 20.Rg3 Bh4 21.Rf3 b5 22.cxb5
axb5 23.Ra1 c5 24.g3 Bf6 25.h4 Bg4 26.Qf2 Bxf3 27.Qxf3 cxb4 28.Qd1 bxa3 
29.Qb3 Qa5 30.Rxa3 Qxa3 31.Qxa3 Rxa3 32.Kf2 b4 33.d4 exd4 34.exd4 Bxd4+ 
35.Ke2 Rc8 36.Kd2 Rcc3 37.Ke2 Ra2+ 38.Kd1 b3 39.g4 b2 40.Kd2 b1=Q# 0-1

[Event "SchVgg Blankenese von 1923-SC Weisse Dame"]
[Site "Binz"]
[Date "2024.09.08"]
[Round "5.1"]
[White "Kryvak, Mariia"]
[Black "Busch, Lara Sophie"]
[Result "0-1"]
[WhiteElo "1138"]
[BlackElo "1616"]
[Time "08:00:00"]
[Board "1"]
[WhiteTeam "SC Weisse Dame"]
[BlackTeam "SchVgg Blankenese von 1923"]
[Annotator "Rnd./Pair./Board: 05.003.01"]

1.e4 e5 2.Nf3 Nc6 3.Bb5 Bc5 4.c3 Nf6 5.d4 exd4 6.cxd4 Bb4+ 7.Nc3 Nxe4 8.
Bd2 Nxd2 9.Qxd2 O-O 10.O-O a6 11.Bd3 d5 12.a3 Be7 13.Qf4 Be6 14.b4 Bd6 15.
Qh4 Qxh4 16.Nxh4 Nxd4 17.Nf3 Nxf3+ 18.gxf3 Be5 19.Rac1 Bh3 20.Rfe1 Bxc3 
21.Rxc3 c6 22.Re5 Rfe8 23.Bxh7+ Kh8 24.Rce3 Rxe5 25.Rxe5 g6 26.Re7 Kxh7 
27.Rxf7+ Kh6 28.Rxb7 Re8 29.Kh1 Re1# 0-1

[Event "SchVgg Blankenese von 1923-SC Weisse Dame"]
[Site "Binz"]
[Date "2024.09.08"]
[Round "5.2"]
[White "Seyedfakhari, Elena"]
[Black "Andreeva, Katharina"]
[Result "0-1"]
[WhiteElo "1071"]
[BlackElo "1005"]
[Time "08:00:00"]
[Board "2"]
[WhiteTeam "SchVgg Blankenese von 1923"]
[BlackTeam "SC Weisse Dame"]
[Annotator "Rnd./Pair./Board: 05.003.02"]

1.e4 c5 2.Nf3 d6 3.d4 cxd4 4.Nxd4 Nf6 5.Nc3 g6 6.Be3 Bg7 7.f3 O-O 8.Qd2 
Bd7 9.O-O-O Nc6 10.Bc4 a6 11.g4 Ne8 12.h4 Rc8 13.h5 Nxd4 14.Bxd4 Rxc4 15.
Be3 Qc7 16.hxg6 Kh8 17.Bh6 Bxc3 18.bxc3 Rg8 19.gxf7 Rg6 20.fxe8=Q+ Bxe8 
21.Qf4 Rg8 22.Qf5 Rxc3 23.Rd2 Ba4 24.Bf4 Rxc2+ 25.Kd1 Rc5+ 26.Ke1 Rxf5 27.
exf5 Qc1+ 28.Ke2 Qxh1 29.Rd4 Bb5+ 30.Ke3 Qe1# 0-1

[Event "SchVgg Blankenese von 1923-SC Weisse Dame"]
[Site "Binz"]
[Date "2024.09.08"]
[Round "5.3"]
[White "Helbig, Frieda"]
[Black "Du, Vivian"]
[Result "0-1"]
[WhiteElo "983"]
[BlackElo "600"]
[Time "08:00:00"]
[Board "3"]
[WhiteTeam "SC Weisse Dame"]
[BlackTeam "SchVgg Blankenese von 1923"]
[Annotator "Rnd./Pair./Board: 05.003.03"]

1.e4 e5 2.Nf3 Nc6 3.Bb5 a6 4.Bxc6 dxc6 5.d3 Nf6 6.O-O Bc5 7.Nxe5 h6 8.Be3 
Bd6 9.Nf3 O-O 10.h3 Bd7 11.Nc3 Re8 12.Qd2 Qe7 13.Rad1 Rad8 14.Rfe1 c5 15.
Nd5 Nxd5 16.exd5 Qf6 17.d4 Bxh3 18.gxh3 Qxf3 19.dxc5 Be5 20.c3 Qxh3 21.Bf4
Qg4+ 22.Bg3 Bxg3 23.fxg3 Qxg3+ 24.Kf1 Rxe1+ 25.Rxe1 Qh3+ 26.Kf2 Qh2+ 27.
Ke3 Qxd2+ 28.Kxd2 Rxd5+ 29.Kc2 f6 30.Re8+ Kf7 31.Re3 g5 32.c4 Rxc5 33.b3 
Re5 34.Rg3 Kg6 35.Kd3 h5 36.Kd4 h4 37.Rh3 Kh5 38.Kd3 g4 39.Rh2 g3 40.Rg2 
Kg4 41.Rg1 h3 42.Rf1 f5 43.Kd4 Re8 44.c5 f4 45.c6 b6 46.b4 g2 47.Rg1 Kg3 
48.b5 h2 49.Rd1 Rd8+ 50.Kc3 Rxd1 51.Kc2 g1=Q 52.bxa6 Qe1 53.a7 Qd2+ 54.Kb3
Rb1+ 55.Kc4 Rc1+ 56.Kb3 Qc3+ 57.Ka4 Rb1 58.a8=Q Qb4# 0-1

[Event "SchVgg Blankenese von 1923-SC Weisse Dame"]
[Site "Binz"]
[Date "2024.09.08"]
[Round "5.4"]
[White "Polster, Maike"]
[Black "Dinges, Mara"]
[Result "1-0"]
[WhiteElo "810"]
[BlackElo "752"]
[Time "08:00:00"]
[Board "4"]
[WhiteTeam "SchVgg Blankenese von 1923"]
[BlackTeam "SC Weisse Dame"]
[Annotator "Rnd./Pair./Board: 05.003.04"]

1.e4 e5 2.Nf3 Nc6 3.Nc3 Nf6 4.Bb5 Bc5 5.d3 d6 6.O-O Bd7 7.Bg5 O-O 8.Nd5 a6
9.Bc4 b5 10.Bb3 a5 11.c4 Nd4 12.Nxd4 exd4 13.Qf3 Qe8 14.Bxf6 gxf6 15.Nxf6+
Kh8 16.Nxe8 Raxe8 17.cxb5 Bxb5 18.Bxf7 Re5 19.Qf6# 1-0

[Event "SC Borussia Lichtenberg-SV "Eintracht" TangerhÃ¼tte"]
[Site "Binz"]
[Date "2024.09.08"]
[Round "5.1"]
[White "Kasten, Luna Seraphine"]
[Black "Klymenko, Mariia"]
[Result "0-1"]
[WhiteElo "956"]
[BlackElo "1435"]
[Time "08:00:00"]
[Board "1"]
[WhiteTeam "SV "]
[BlackTeam "SC Borussia Lichtenberg"]
[Annotator "Rnd./Pair./Board: 05.004.01"]

1.e4 c6 2.d4 d5 3.Nc3 dxe4 4.Nxe4 Nf6 5.Nxf6+ gxf6 6.Bd3 Qxd4 7.Be3 Qxb2 
8.Nf3 Bg4 9.Be2 Qb4+ 10.Bd2 Qd6 11.O-O Nd7 12.c3 Rg8 13.Rb1 Bh3 14.Nh4 Qc7
15.Re1 O-O-O 16.Qb3 b6 17.Ba6+ Kb8 18.Qxf7 Rg7 19.Qb3 Nc5 20.Qc4 Nxa6 21.
Bf4 e5 22.Bxe5 fxe5 23.Qxa6 Be7 24.Nf5 Bxf5 25.Rbd1 Rxd1 26.Rxd1 Qc8 27.
Qe2 Bf6 28.Rd6 Qf8 29.Rxc6 Rc7 30.Qf3 e4 31.Qf4 Bd8 32.Re6 Kc8 33.Re5 Rf7 
34.Qe3 Qd6 35.Qd4 Qxd4 36.cxd4 Bg6 0-1

[Event "SC Borussia Lichtenberg-SV "Eintracht" TangerhÃ¼tte"]
[Site "Binz"]
[Date "2024.09.08"]
[Round "5.2"]
[White "Szymil, Alicja"]
[Black "BÃ¶rner, Martha"]
[Result "1/2-1/2"]
[WhiteElo "1163"]
[BlackElo "1128"]
[Time "08:00:00"]
[Board "2"]
[WhiteTeam "SC Borussia Lichtenberg"]
[BlackTeam "SV "]
[Annotator "Rnd./Pair./Board: 05.004.02"]

1.e4 c5 2.Nc3 d6 3.Bc4 g6 4.f4 Bg7 5.Nf3 Nf6 6.d3 O-O 7.O-O Nc6 8.Be3 Bg4 
9.h3 Be6 10.Bb3 d5 11.exd5 Nxd5 12.Nxd5 Bxd5 13.Rb1 Bxb3 14.axb3 b6 15.Qe1
e6 16.Bd2 Bd4+ 17.Be3 Bg7 18.Bd2 Re8 19.Bc3 Bd4+ 20.Nxd4 cxd4 21.Bd2 e5 
22.fxe5 Rxe5 23.Qf2 Rf5 24.Qe2 Re5 25.Qg4 f5 26.Qf3 Qd5 27.Qxd5+ Rxd5 28.
Rfe1 Re5 29.c3 Rae8 30.cxd4 Nxd4 31.Bc3 Rxe1+ 32.Rxe1 Rxe1+ 33.Bxe1 Nxb3 
34.Bc3 Kf7 35.Kf2 Ke6 36.Ke3 Kd5 37.g3 1/2-1/2

[Event "SC Borussia Lichtenberg-SV "Eintracht" TangerhÃ¼tte"]
[Site "Binz"]
[Date "2024.09.08"]
[Round "5.3"]
[White "SchÃ¶nfeld, Emily"]
[Black "Nuzhnaia, Daria"]
[Result "0-1"]
[WhiteElo "860"]
[BlackElo "850"]
[Time "08:00:00"]
[Board "3"]
[WhiteTeam "SV "]
[BlackTeam "SC Borussia Lichtenberg"]
[Annotator "Rnd./Pair./Board: 05.004.03"]

1.e4 c5 2.Nf3 Nc6 3.Bc4 Nf6 4.O-O d6 5.c3 e6 6.Qa4 Bd7 7.Qb3 b6 8.Ng5 h6 
9.f4 hxg5 10.f5 exf5 11.exf5 Ne4 12.Re1 Bxf5 13.Rxe4+ Bxe4 14.Bxf7+ Kd7 
15.Qe6+ Kc7 16.Qxe4 Qf6 17.Be8 d5 18.Qxd5 Rxe8 19.h3 Qf4 20.Qd3 Re1+ 21.
Qf1 Rxf1# 0-1

[Event "SC Borussia Lichtenberg-SV "Eintracht" TangerhÃ¼tte"]
[Site "Binz"]
[Date "2024.09.08"]
[Round "5.4"]
[White "Klymenko, Stefaniia"]
[Black "Trommershausen, Charlotte"]
[Result "1/2-1/2"]
[WhiteElo "600"]
[BlackElo "757"]
[Time "08:00:00"]
[Board "4"]
[WhiteTeam "SC Borussia Lichtenberg"]
[BlackTeam "SV "]
[Annotator "Rnd./Pair./Board: 05.004.04"]

1.e4 d5 2.exd5 c6 3.dxc6 Qc7 4.Bb5 bxc6 5.Bc4 e6 6.d4 e5 7.d5 Bc5 8.Nc3 
Qb6 9.Be3 Qxb2 10.Na4 Qb4+ 11.Qd2 Qxa4 12.Bb3 Qb5 13.Bxc5 Ba6 14.Qd3 Qxc5 
15.Qe3 Qb5 16.Qe2 Qc5 17.Qxe5+ Kd8 18.dxc6 Qxe5+ 19.Ne2 Qb5 20.O-O Qxc6 
21.Rad1+ Nd7 22.Nd4 Qg6 23.Ba4 Bb7 24.g3 Qe4 25.f3 1/2-1/2

[Event "Hamburger SK von 1830-VfL GrÃ¤fenhainichen"]
[Site "Binz"]
[Date "2024.09.08"]
[Round "5.1"]
[White "Kuhlmann, Naya"]
[Black "GrÃ¶ning, Sophie Marie"]
[Result "0-1"]
[WhiteElo "1236"]
[BlackElo "600"]
[Time "08:00:00"]
[Board "1"]
[WhiteTeam "VfL GrÃ¤fenhainichen"]
[BlackTeam "Hamburger SK von 1830"]
[Annotator "Rnd./Pair./Board: 05.005.01"]

1.e4 c5 2.Nf3 Nc6 3.d4 Qa5+ 4.c3 d6 5.Bc4 Bg4 6.h3 Bxf3 7.Qxf3 f6 8.O-O 
cxd4 9.Bxg8 Rxg8 10.Qh5+ Qxh5 0-1

[Event "Hamburger SK von 1830-VfL GrÃ¤fenhainichen"]
[Site "Binz"]
[Date "2024.09.08"]
[Round "5.2"]
[White "Wartenberg, Adelia"]
[Black "Schmegel, Alina"]
[Result "0-1"]
[WhiteElo "810"]
[BlackElo "931"]
[Time "08:00:00"]
[Board "2"]
[WhiteTeam "Hamburger SK von 1830"]
[BlackTeam "VfL GrÃ¤fenhainichen"]
[Annotator "Rnd./Pair./Board: 05.005.02"]

1.e4 e5 2.Bc4 Nf6 3.d3 Nc6 4.Nc3 Bb4 5.a3 Ba5 6.b4 Bb6 7.Bg5 h6 8.Bxf6 
Qxf6 9.Nh3 d6 10.Nd5 Qh4 11.Nxb6 axb6 12.Qf3 O-O 13.Ng1 Nd4 14.Qd1 b5 15.
g3 Qf6 16.Ba2 Rxa3 17.Bxf7+ Rxf7 18.Rxa3 Qxf2# 0-1

[Event "Hamburger SK von 1830-VfL GrÃ¤fenhainichen"]
[Site "Binz"]
[Date "2024.09.08"]
[Round "5.3"]
[White "Strahl, Nele"]
[Black "Hitz, Junah"]
[Result "1-0"]
[WhiteElo "964"]
[BlackElo "600"]
[Time "08:00:00"]
[Board "3"]
[WhiteTeam "VfL GrÃ¤fenhainichen"]
[BlackTeam "Hamburger SK von 1830"]
[Annotator "Rnd./Pair./Board: 05.005.03"]

1.e4 e5 2.Nf3 Nc6 3.Nc3 Nf6 4.Bc4 Bc5 5.O-O O-O 6.d3 d6 7.Bg5 Bg4 8.h3 Be6
9.Nd5 Bxd5 10.Bxd5 h6 11.Bh4 Nb4 12.Bxb7 Rb8 13.Bd5 Nbxd5 14.exd5 Rxb2 15.
Nd2 Bd4 16.Nb3 Bb6 17.d4 exd4 18.Nxd4 Re8 19.Nc6 Qd7 20.Bxf6 gxf6 21.Re1 
Rxe1+ 22.Qxe1 Rxc2 23.Kh2 Bxf2 24.Qf1 Qf5 25.Ne7+ Kf8 26.Nxf5 Bb6 27.Nxh6 
Bd4 28.Re1 Rxa2 29.Qd3 Bc5 30.Qh7 Re2 31.Qxf7# 1-0

[Event "Hamburger SK von 1830-VfL GrÃ¤fenhainichen"]
[Site "Binz"]
[Date "2024.09.08"]
[Round "5.4"]
[White "Paradkar, Diya"]
[Black "Philipp, Elaina"]
[Result "1-0"]
[WhiteElo "600"]
[BlackElo "879"]
[Time "08:00:00"]
[Board "4"]
[WhiteTeam "Hamburger SK von 1830"]
[BlackTeam "VfL GrÃ¤fenhainichen"]
[Annotator "Rnd./Pair./Board: 05.005.04"]

1.e4 e5 2.Nf3 Nc6 3.Bc4 Bc5 4.d3 h6 5.Be3 Bb6 6.Nc3 Nf6 7.Qd2 d6 8.Nd5 
Nxd5 9.Bxd5 Bd7 10.a3 Ne7 11.Bxb7 Rb8 12.Ba6 Nc6 13.Qc1 Nd4 14.Nxd4 exd4 
15.Bd2 Be6 16.b4 c6 17.a4 Bc7 18.c3 dxc3 19.Qxc3 Rb6 20.Qxg7 Rf8 21.Bxh6 
Ke7 22.Bg5+ Ke8 23.Bxd8 Bxd8 24.b5 Be7 25.a5 cxb5 26.axb6 axb6 27.Bxb5+ 
Bd7 28.Bxd7+ Kxd7 29.Ra7+ Ke8 30.Ra8+ Kd7 31.Rxf8 Bxf8 32.Qxf8 Ke6 33.O-O 
1-0

[Event "SV Hellas Nauen-Schachfreunde Hettstedt"]
[Site "Binz"]
[Date "2024.09.08"]
[Round "5.1"]
[White "MÃ¼ller, Greta Waltraud"]
[Black "Pygoch, Lene"]
[Result "0-1"]
[WhiteElo "1130"]
[BlackElo "910"]
[Time "08:00:00"]
[Board "1"]
[WhiteTeam "Schachfreunde Hettstedt"]
[BlackTeam "SV Hellas Nauen"]
[Annotator "Rnd./Pair./Board: 05.006.01"]

1.e4 e5 2.Nf3 Nc6 3.Nc3 Nf6 4.Bb5 Bb4 5.O-O O-O 6.d3 d6 7.Bg5 Bg4 8.h3 Bh5
9.Nd5 Nd4 10.Bxf6 gxf6 11.Nxb4 Bxf3 12.gxf3 Nxb5 13.Nd5 f5 14.exf5 Qh4 15.
Kh2 Kh8 16.Qe2 Rg8 17.Rg1 Nd4 18.Qd1 Qxf2+ 19.Kh1 Nxf3 20.Qxf3 Qxf3+ 21.
Kh2 Qxd5 22.c4 Qxd3 23.b3 Qe2+ 24.Kh1 Qh5 25.Kh2 Rg7 26.Rae1 Rag8 27.Rxg7 
Rxg7 28.c5 Qf3 29.Rg1 Qf2+ 0-1

[Event "SV Hellas Nauen-Schachfreunde Hettstedt"]
[Site "Binz"]
[Date "2024.09.08"]
[Round "5.2"]
[White "Glaubitz, Alina"]
[Black "Kolditz, Julia"]
[Result "0-1"]
[WhiteElo "772"]
[BlackElo "1080"]
[Time "08:00:00"]
[Board "2"]
[WhiteTeam "SV Hellas Nauen"]
[BlackTeam "Schachfreunde Hettstedt"]
[Annotator "Rnd./Pair./Board: 05.006.02"]

1.e4 e5 2.Nf3 Nc6 3.Bc4 Nf6 4.d3 Bb4+ 5.c3 Bc5 6.a4 Ng4 7.O-O O-O 8.h3 Nf6
9.Re1 Re8 10.Qb3 Re7 11.Bg5 Na5 12.Qb5 b6 13.Ba2 a6 14.Qxc5 bxc5 15.Bxf6 
gxf6 16.Nbd2 d6 17.Re3 f5 18.Bd5 Rb8 19.Rb1 c6 20.Ba2 Be6 21.Bxe6 fxe6 22.
Nf1 f4 23.Ree1 Kh8 24.N1h2 Qe8 25.Ng4 Qg6 26.Nh4 Qg5 27.Nf3 Qg6 28.b4 cxb4
29.cxb4 Nb7 30.b5 Na5 31.bxc6 Rxb1 32.Rxb1 Nxc6 33.Rb6 Rc7 34.Rxa6 Ne7 35.
Rxd6 Rc1+ 36.Kh2 h5 37.Ngxe5 Qg7 38.a5 Rf1 39.Rd8+ Kh7 40.g4 hxg4 41.Nxg4 
Ra1 42.Ra8 Nc6 43.a6 Qb2 44.Ng5+ Kg6 45.Nxe6 Kf7 46.Nxf4 Qd2 47.Kg3 Rg1+ 
48.Kh4 Qxf4 49.Rc8 Ne5 50.a7 Rxg4+ 51.hxg4 Qxg4# 0-1

[Event "SV Hellas Nauen-Schachfreunde Hettstedt"]
[Site "Binz"]
[Date "2024.09.08"]
[Round "5.3"]
[White "RÃ¶mmisch, Mona"]
[Black "Krafft, Emilia"]
[Result "1-0"]
[WhiteElo "911"]
[BlackElo "600"]
[Time "08:00:00"]
[Board "3"]
[WhiteTeam "Schachfreunde Hettstedt"]
[BlackTeam "SV Hellas Nauen"]
[Annotator "Rnd./Pair./Board: 05.006.03"]

1.e4 e5 2.Nf3 Nc6 3.Nc3 d6 4.Bb5 a6 5.Ba4 b5 6.Bb3 Bg4 7.O-O Nd4 8.d3 
Nxf3+ 9.gxf3 Bh3 10.Re1 Qf6 11.Kh1 Qg6 12.Rg1 Qh5 13.Rg5 Qh6 14.Rxe5+ dxe5
15.Bxh6 gxh6 16.Nd5 Rc8 17.f4 exf4 18.Nxf4 Nf6 19.Nxh3 Rg8 20.Qf3 Be7 21.
a4 Rd8 22.axb5 axb5 23.Ra5 Rb8 24.e5 Nd7 25.Qxf7+ Kd8 26.Qxg8+ Bf8 27.e6 
Nc5 28.Qxf8# 1-0

[Event "SV Hellas Nauen-Schachfreunde Hettstedt"]
[Site "Binz"]
[Date "2024.09.08"]
[Round "5.4"]
[White "Biemann, Henriette"]
[Black "Ostermann, Philomena"]
[Result "0-1"]
[WhiteElo "600"]
[BlackElo "802"]
[Time "08:00:00"]
[Board "4"]
[WhiteTeam "SV Hellas Nauen"]
[BlackTeam "Schachfreunde Hettstedt"]
[Annotator "Rnd./Pair./Board: 05.006.04"]

1.e4 e5 2.Nc3 Bb4 3.a3 Ba5 4.Bb5 a6 5.Ba4 Nf6 6.Nf3 Nc6 7.d3 O-O 8.Bg5 
Bxc3+ 9.bxc3 h6 10.Be3 b5 11.Bb3 Ng4 12.Bc5 d6 13.Bb4 Nxb4 14.cxb4 Be6 15.
Bxe6 fxe6 16.Nd2 Nxf2 17.Qe2 Nxh1 18.Nf3 a5 19.bxa5 Rxa5 20.Qd2 Qa8 21.Ke2
Rxa3 22.Rb1 c6 23.c3 Ra2 24.Rb2 Ra3 25.g3 Qa7 26.Rb1 Ra2 27.Rb2 Ra3 28.c4 
{Partiereihenfolge: erst Sf2, dann Txf3} 28...Rxf3 29.Kd1 Nf2+ 30.Kc2 
Rfxd3 31.Qe1 Qa4+ 32.Kc1 Ra1+ 33.Rb1 Rd1+ 34.Kb2 Rxe1 35.h4 Nd3+ 36.Kc3 
Ra3+ 0-1

[Event "SV "GlÃ¼ck auf" RÃ¼dersdorf-Elmshorner SC von 1896"]
[Site "Binz"]
[Date "2024.09.08"]
[Round "5.1"]
[White "Vasilieva, Sophie Victoria"]
[Black "Niehusen, Lia Florentine"]
[Result "1-0"]
[WhiteElo "1009"]
[BlackElo "940"]
[Time "08:00:00"]
[Board "1"]
[WhiteTeam "Elmshorner SC von 1896"]
[BlackTeam "SV "]
[Annotator "Rnd./Pair./Board: 05.007.01"]

1.d4 d5 2.Nf3 Nc6 3.Bf4 Nf6 4.e3 Bf5 5.Bd3 Bg6 6.a3 e6 7.O-O Bd6 8.Bxd6 
Qxd6 9.c4 Ng4 10.h3 Nf6 11.Nc3 O-O 12.b4 h6 13.c5 Qe7 14.b5 Na5 15.Ne5 Bf5
16.Re1 Nd7 17.Nf3 Qf6 18.Rc1 Qg6 19.Bxf5 Qxf5 20.Qd2 Nb3 21.Qe2 Nxc1 22.
Rxc1 Rae8 23.a4 e5 24.Nxd5 e4 25.Nc3 exf3 26.Qxf3 Qg6 27.Qxb7 Re6 28.Qxc7 
Nf6 29.Qxa7 Nh5 30.d5 Rf6 31.b6 Rxb6 32.cxb6 Qd6 33.Rb1 Nf6 34.Rb5 Nd7 35.
a5 f6 36.Qc7 Qe7 37.a6 Ra8 38.a7 Qf7 39.Ne4 Qe8 40.Nd6 Qe7 41.Qb7 Qd8 42.
Qc7 Qe7 43.Rc5 Kh7 44.Rc6 h5 45.Qb7 Qd8 46.Rc7 Ne5 47.Rxg7+ Kh6 48.Nf5# 
1-0

[Event "SV "GlÃ¼ck auf" RÃ¼dersdorf-Elmshorner SC von 1896"]
[Site "Binz"]
[Date "2024.09.08"]
[Round "5.2"]
[White "Knetsch, Victoria"]
[Black "Hirtzel, Hanna Meiki"]
[Result "1-0"]
[WhiteElo "860"]
[BlackElo "1013"]
[Time "08:00:00"]
[Board "2"]
[WhiteTeam "SV "]
[BlackTeam "Elmshorner SC von 1896"]
[Annotator "Rnd./Pair./Board: 05.007.02"]

1.d4 d5 2.c4 e6 3.Nc3 Nf6 4.Bg5 Bb4 5.a3 Bxc3+ 6.bxc3 dxc4 7.e3 h6 8.Bh4 
O-O 9.Bxc4 Nbd7 10.Nf3 c5 11.Ba2 Qc7 12.Bb1 b6 13.Qc2 Ba6 14.e4 cxd4 15.e5
Nxe5 16.Bxf6 gxf6 17.Qh7# 1-0